[Event "Titled Tue 3rd Jun Early"]
[Site "chess.com INT"]
[Date "2025.06.03"]
[Round "4"]
[White "Hungaski, Robert"]
[Black "Salinas Herrera, Pablo"]
[Result "1/2-1/2"]
[WhiteTitle "GM"]
[BlackTitle "GM"]
[WhiteElo "2477"]
[BlackElo "2447"]
[WhiteFideId "2021030"]
[BlackFideId "3407128"]
[EventDate "2025.06.03"]

1. h3 d5 2. e3 e5 3. d4 exd4 4. exd4 Nf6 5. Nf3 Bd6 6. c4 O-O 7. c5 Re8+ 8. Be2
Bf8 9. O-O b6 10. cxb6 axb6 11. Nc3 c6 12. Bf4 Nbd7 13. a3 Bb7 14. Re1 Ne4 15.
Rc1 Ndf6 16. Bd3 b5 17. Na2 Qb6 18. Qb3 Nd6 19. Qc2 Nc4 20. Bg5 Ne4 21. Nc3 Nxg5
22. Nxg5 g6 23. Nf3 Bg7 24. Rxe8+ Rxe8 25. Rd1 Bf6 26. Ne2 Kg7 27. Ng3 Bc8 28.
Qc3 Bd7 29. Bf1 Qb8 30. Qc2 Qf4 31. Ne2 Qd6 32. Nc1 Bf5 33. Bd3 Be4 34. Bxe4
dxe4 35. Nd2 Qxd4 36. Nxc4 Qxc4 37. Qxc4 bxc4 38. Rd2 e3 39. Rc2 exf2+ 40. Kxf2
Rb8 41. Rxc4 Rxb2+ 42. Kf3 Be7 43. Rxc6 Bxa3 44. Ne2 Rb3+ 45. Kf2 Be7 46. Rc4
Bf6 47. Re4 Ra3 48. Re3 Ra4 49. Kf3 Bg5 50. Rd3 h5 51. g3 h4 52. g4 Bf6 53. Nf4
Be5 54. Ng2 Bf6 55. Nf4 Ra1 56. Ng2 Rg1 57. Nf4 Bg5 58. Nd5 Rh1 59. Ke4 Rf1 60.
Ke5 Re1+ 61. Kd4 Rg1 62. Rf3 Bd8 63. Ke4 Rd1 64. Ne3 Re1 65. Kd3 Bg5 66. Nd5 Re8
67. Kd4 f6 68. Kd3 Re1 69. Kd4 Bc1 70. Kd3 Bb2 71. Kc4 Be5 72. Kd3 Rh1 73. Ke4
Re1+ 74. Kd3 Ra1 75. Kc4 Rd1 76. Kc5 g5 77. Kc4 Kf7 78. Ne3 Rd4+ 79. Kc5 Ke6 80.
Nf5 Rd1 81. Kc4 Rc1+ 82. Kd3 Rc3+ 83. Ke2 Rc7 84. Kd3 Ra7 85. Ke2 Kd5 86. Kd3
Ra3+ 87. Ke2 Ra2+ 88. Kd3 Bf4 89. Ne7+ Ke6 90. Nf5 Ke5 91. Rf1 Ra3+ 92. Kc4 Rxh3
93. Re1+ Be3 94. Nxe3 Kf4 95. Nd5+ Kxg4 96. Nxf6+ Kf5 97. Nd5 Rf3 98. Kd4 h3 99.
Rg1 h2 100. Rh1 Rh3 101. Ne3+ Kf4 102. Nf1 g4 103. Nxh2 Rh4 104. Rf1+ Kg3 105.
Nxg4 Kxg4 106. Ke3 Kg3 107. Rf3+ Kg2 108. Rf2+ Kg1 109. Ke2 Re4+ 110. Kf3 Re8
111. Rg2+ Kf1 112. Rg6 Rf8+ 113. Kg4 Re8 114. Rg5 Ke2 115. Rf5 Ke3 116. Kg5 Ke4
117. Rf4+ Ke5 118. Rf5+ Ke6 119. Rf6+ Ke5 120. Rf5+ Ke6 121. Rf6+ Ke7 122. Rg6
Rf8 123. Rg7+ Ke6 124. Rg6+ Ke5 125. Ra6 Rg8+ 126. Rg6 Rh8 127. Rh6 Ra8 128. Rb6
Ra1 129. Rb5+ Ke6 130. Rb6+ Ke5 131. Rb5+ Kd4 132. Rb4+ Kc5 133. Rf4 Re1 134.
Rf5+ Kd6 135. Rf6+ Ke7 136. Rf2 Rg1+ 137. Kf4 Rg6 138. Re2+ Kd6 139. Kf5 Rg8
140. Rd2+ Ke7 141. Re2+ Kd6 142. Rd2+ Kc5 143. Rc2+ Kd4 144. Rd2+ Ke3 145. Rd7
Rf8+ 146. Ke5 Re8+ 147. Kf5 Rf8+ 148. Ke5 Re8+ 149. Kf5 Rf8+ 1/2-1/2

[Event "Titled Tue 3rd Jun Early"]
[Site "chess.com INT"]
[Date "2025.06.03"]
[Round "4"]
[White "Harriott, Tyrell"]
[Black "Skliarov, Viktor"]
[Result "1/2-1/2"]
[BlackTitle "IM"]
[WhiteElo "1924"]
[BlackElo "2334"]
[WhiteFideId "2086484"]
[BlackFideId "14106736"]
[EventDate "2025.06.03"]

1. d4 Nf6 2. e3 g6 3. Bd3 Bg7 4. f4 O-O 5. Nf3 d6 6. O-O Nbd7 7. f5 c5 8. Qe1
Nb6 9. fxg6 hxg6 10. Ng5 c4 11. Be2 Nh7 12. Nxh7 Kxh7 13. Nd2 Bf5 14. c3 d5 15.
Nf3 Bf6 16. Qg3 e6 17. Qf2 Kg7 18. h3 Nd7 19. g4 Be4 20. b3 b5 21. Ba3 Be7 22.
Bb2 g5 23. Qg3 f6 24. Qf2 Qc7 25. Qg2 Rh8 26. Bd1 Nf8 27. Rf2 Ng6 28. Qh2 Qxh2+
29. Kxh2 Nh4 30. Nd2 Bg6 31. Kg1 Bd6 32. a4 a6 33. Ba3 Bg3 34. Re2 Bd3 35. Rf2
Bxf2+ 36. Kxf2 Ng6 37. Kg3 f5 38. Bf3 f4+ 39. exf4 Nxf4 40. Bg2 Nxg2 41. Kxg2
bxa4 42. bxc4 dxc4 43. Re1 Kf7 44. Re5 Rhg8 45. Ra5 Rab8 46. Rxa4 Rb6 47. Ra5
Rc6 48. Bb4 Ke8 49. Re5 Kd7 50. d5 exd5 51. Rxd5+ Kc8 52. Re5 Kb7 53. Nf3 Rf6
54. Nd4 Ra8 55. Re7+ Kb6 56. Rg7 a5 57. Be7 Rg6 58. Rf7 Be4+ 59. Kg3 a4 60. Ba3
Rc8 61. Re7 Bb7 62. Re5 Ka6 63. Bb4 Rc7 64. Ra5+ Kb6 65. Re5 Rf7 66. Ne6 Bc8 67.
Nd4 Bb7 68. Rb5+ Ka7 69. Bc5+ Kb8 70. Bb4 Kc8 71. Rc5+ Rc7 72. Re5 Rf7 73. Re8+
Kd7 74. Re5 Rf1 75. Rb5 Bc6 76. Ra5 Rg1+ 77. Kf2 Rg2+ 78. Ke3 Rg3+ 79. Kf2 Rxh3
80. Ra7+ Kc8 81. Ba5 Bb7 82. Bb4 Rf6+ 83. Ke2 Rh2+ 84. Ke3 Rf1 85. Nb5 Re1+ 86.
Kd4 Rd2+ 87. Kxc4 Re4+ 88. Nd4 Rxg4 89. Rxa4 Rgg2 90. Kc5 g4 91. Ra5 g3 92. Nb5
Rd5+ 93. Kc4 Rh5 94. Nd6+ Kd7 95. Rxh5 Ba6+ 96. Kc5 Rg1 97. Rg5 g2 98. Kd4 Ke6
99. Ke3 Re1+ 100. Kf2 Re2+ 101. Kg1 Bd3 102. Rxg2 Rxg2+ 103. Kxg2 Ke5 104. Kf2
Ke6 105. Ke3 Kd5 106. Kd2 Ba6 107. Kc2 Kc6 108. Kd2 Kd5 109. Ke3 Kc6 110. Kd4
Bf1 111. c4 Be2 112. c5 Bf1 113. Ne4 Be2 114. Ba3 Bf1 115. Nc3 Ba6 116. Ke5 Bf1
117. Ne4 Be2 118. Nf6 Bf1 119. Ng8 Be2 120. Ne7+ Kd7 121. Kf6 Bf3 122. Ng6 Bh1
123. Ne5+ Kc7 124. Ke7 Bg2 125. Ke6 Bh1 126. Kf5 Bg2 127. Kf4 Kb7 128. Ke3 Ka6
129. Kd4 Kb5 130. Bb2 Bh1 131. Bc1 Bg2 132. Be3 Bh1 133. Nd3 Bg2 134. Ne5 Bh1
135. Ng4 Bg2 136. Ke5 Kc6 137. Kf6 Bh1 138. Ke7 Bg2 139. Ne5+ Kc7 140. Nf7 Bh1
141. Ng5 Kc6 142. Kf6 Bg2 143. Ke5 Bh1 144. Kf4 Bg2 145. Kg3 Bd5 146. Nh3 Be4
147. Nf4 Kc7 148. Kf2 Kc6 149. Ke2 Bh1 150. Kd2 Kb5 151. Kc3 Bf3 152. Kd4 Bh1
153. Ke5 Kc6 154. Ke6 Bf3 155. Ng6 Bd5+ 156. Ke5 Bh1 157. Ne7+ Kc7 158. Kd4 Kd7
159. Nf5 Kc6 160. Bf4 Bg2 161. Ne3 Bh1 162. Nc4 1/2-1/2

[Event "Titled Tue 3rd Jun Early"]
[Site "chess.com INT"]
[Date "2025.06.03"]
[Round "5"]
[White "Tarnowska, Aleksandra"]
[Black "Bashirli, Saadat"]
[Result "0-1"]
[WhiteTitle "WCM"]
[BlackTitle "WCM"]
[WhiteElo "1882"]
[BlackElo "1941"]
[WhiteFideId "1180967"]
[BlackFideId "13429990"]
[EventDate "2025.06.03"]

1. e4 c5 2. Nf3 Nc6 3. Bb5 d6 4. O-O Bd7 5. c3 Nf6 6. Re1 a6 7. Ba4 b5 8. Bc2
Bg4 9. h3 Bxf3 10. Qxf3 g6 11. d3 Bg7 12. Nd2 O-O 13. Nf1 Rb8 14. Ng3 b4 15. Bg5
Nd7 16. Qe3 bxc3 17. bxc3 Bxc3 18. Bh6 Re8 19. f4 Bd4 0-1

[Event "Titled Tue 3rd Jun Early"]
[Site "chess.com INT"]
[Date "2025.06.03"]
[Round "5"]
[White "Rustamov, Rustam"]
[Black "Karvatskyi, Oleksii"]
[Result "1-0"]
[WhiteTitle "FM"]
[BlackTitle "CM"]
[WhiteElo "2323"]
[BlackElo "2248"]
[WhiteFideId "13440110"]
[BlackFideId "14191059"]
[EventDate "2025.06.03"]

1. e4 c5 2. Nf3 d6 3. d4 cxd4 4. Nxd4 Nf6 5. Nc3 g6 6. f3 Bg7 7. Be3 a6 8. Qd2
h5 9. Bc4 b5 10. Bb3 Bb7 11. a4 b4 12. Nd5 Nxd5 13. exd5 a5 14. O-O Nd7 15. f4
Nc5 16. f5 O-O 17. Bh6 Ne4 18. Qe3 Nc5 19. Bxg7 Kxg7 20. Rae1 Qb6 21. fxg6 Nxb3
22. Nf5+ 1-0

[Event "Titled Tue 3rd Jun Early"]
[Site "chess.com INT"]
[Date "2025.06.03"]
[Round "5"]
[White "Mata Gonzalez, Jose Fernando"]
[Black "Ugarte Soto, Cesar"]
[Result "0-1"]
[WhiteTitle "CM"]
[BlackTitle "CM"]
[WhiteElo "2164"]
[BlackElo "2088"]
[WhiteFideId "5107423"]
[BlackFideId "3601331"]
[EventDate "2025.06.03"]

1. e4 c5 2. d4 cxd4 3. c3 g6 4. Nf3 Bg7 5. cxd4 d5 6. e5 Bg4 7. Nc3 a6 8. h3
Bxf3 9. Qxf3 e6 10. Bd3 Nc6 11. Be3 Nge7 12. O-O O-O 13. Qg3 b5 14. a3 Qb6 15.
Ne2 f5 16. exf6 Bxf6 17. Qd6 Rae8 18. Qxe6+ Kg7 19. Rac1 Qb7 20. Qd6 Rd8 21. Qc5
Rc8 22. Nf4 Qd7 23. Qxb5 axb5 0-1

[Event "Titled Tue 3rd Jun Early"]
[Site "chess.com INT"]
[Date "2025.06.03"]
[Round "5"]
[White "Kovalchuk, Alexey"]
[Black "Carcamo, Matias"]
[Result "1-0"]
[WhiteTitle "FM"]
[WhiteElo "2304"]
[BlackElo "2077"]
[WhiteFideId "24154385"]
[BlackFideId "115541"]
[EventDate "2025.06.03"]

1. d4 c6 2. c4 d5 3. Nf3 Nf6 4. Nc3 e6 5. Bg5 Be7 6. e3 O-O 7. Qc2 Nbd7 8. cxd5
exd5 9. Bd3 Re8 10. O-O Nf8 11. Ne5 Ng6 12. f4 Ng4 13. Bxe7 Qxe7 14. Rae1 a6 15.
h3 Nf6 16. g4 Nf8 17. Qg2 N6d7 18. g5 f6 19. gxf6 Nxf6 20. Kh2 Kh8 21. Rg1 Qc7
22. Qf3 c5 23. Nxd5 Nxd5 24. Qxd5 Be6 25. Qxc5 Qxc5 26. dxc5 Bxa2 27. Be4 Rab8
28. b4 Be6 29. Rd1 Red8 30. Rxd8 Rxd8 31. Bxb7 Rd2+ 32. Rg2 1-0

[Event "Titled Tue 3rd Jun Early"]
[Site "chess.com INT"]
[Date "2025.06.03"]
[Round "5"]
[White "Mujumdar, Sameer"]
[Black "Kezin, Roman"]
[Result "0-1"]
[BlackTitle "IM"]
[WhiteElo "2029"]
[BlackElo "2471"]
[WhiteFideId "2029707"]
[BlackFideId "24124621"]
[EventDate "2025.06.03"]

1. d4 d5 2. c4 e6 3. Nf3 Nf6 4. Nc3 c6 5. e3 Nbd7 6. Be2 Bd6 7. b3 O-O 8. Bb2 b6
9. O-O Bb7 10. Bd3 Re8 11. e4 dxe4 12. Nxe4 Nxe4 13. Bxe4 Nf6 14. Bc2 c5 15.
dxc5 Bxc5 16. Qxd8 Raxd8 17. Rad1 Ne4 18. Bxe4 Bxe4 19. Nd4 a6 20. Rfe1 Bb7 21.
Kf1 Bb4 22. Re5 f6 0-1

[Event "Titled Tue 3rd Jun Early"]
[Site "chess.com INT"]
[Date "2025.06.03"]
[Round "5"]
[White "Loskutova, Viktoriya"]
[Black "Venkatesh, Narayan"]
[Result "0-1"]
[WhiteTitle "WFM"]
[BlackTitle "FM"]
[WhiteElo "2066"]
[BlackElo "2168"]
[WhiteFideId "34166278"]
[BlackFideId "30987881"]
[EventDate "2025.06.03"]

1. e4 e6 2. d4 d5 3. Nc3 Nf6 4. e5 Nfd7 5. f4 c5 6. Nf3 Nc6 7. Be3 a6 8. Ne2 b5
9. c3 Qb6 10. a3 a5 11. f5 Be7 12. Qd2 Ba6 13. Nf4 Nf8 14. dxc5 Bxc5 15. Bxc5
Qxc5 16. Nd4 Nxe5 17. fxe6 fxe6 18. Ndxe6 Nxe6 19. Nxe6 Qd6 20. Nxg7+ Kd7 21.
Nf5 Qe6 22. Nd4 Nf3+ 23. Kd1 Nxd2 24. Nxe6 Nb3 0-1

[Event "Titled Tue 3rd Jun Early"]
[Site "chess.com INT"]
[Date "2025.06.03"]
[Round "5"]
[White "Suarez, Pedro"]
[Black "Przybylski, Bartosz"]
[Result "1-0"]
[WhiteTitle "CM"]
[BlackTitle "CM"]
[WhiteElo "2066"]
[BlackElo "2107"]
[WhiteFideId "3007642"]
[BlackFideId "21878323"]
[EventDate "2025.06.03"]

1. d4 c5 2. d5 Nf6 3. c4 b5 4. cxb5 a6 5. bxa6 g6 6. Nc3 Bg7 7. e4 O-O 8. a7
Rxa7 9. Nf3 d6 10. Be2 Ba6 11. O-O Qb6 12. Re1 Bxe2 13. Rxe2 Na6 14. Nd2 Nd7 15.
Nc4 Qb4 16. Qd3 Rb8 17. Bg5 Nb6 18. Nxb6 Qxb6 19. a4 Nb4 20. Qd2 Qa6 21. Bh6 Bh8
22. Re3 Qc4 23. Rf3 Qd4 24. Qf4 Be5 25. Qxf7+ Kh8 26. Qf8+ Rxf8 27. Rxf8# 1-0

[Event "Titled Tue 3rd Jun Early"]
[Site "chess.com INT"]
[Date "2025.06.03"]
[Round "5"]
[White "Bortnyk, Olexandr"]
[Black "Rozman, Levy"]
[Result "1-0"]
[WhiteTitle "GM"]
[BlackTitle "IM"]
[WhiteElo "2601"]
[BlackElo "2324"]
[WhiteFideId "14120828"]
[BlackFideId "2039877"]
[EventDate "2025.06.03"]

1. d4 g6 2. h4 h6 3. h5 g5 4. e4 d5 5. exd5 Qxd5 6. c4 Qd8 7. Nc3 Bg7 8. Be3 Nf6
9. Be2 Nc6 10. d5 Ne5 11. Nf3 Nxf3+ 12. Bxf3 O-O 13. Qd2 Bg4 14. Bxg5 Bxf3 15.
gxf3 hxg5 16. h6 Bh8 17. Qxg5+ Kh7 18. Qf5+ Kg8 19. h7+ 1-0

[Event "Titled Tue 3rd Jun Early"]
[Site "chess.com INT"]
[Date "2025.06.03"]
[Round "5"]
[White "Sapocinic, Semion"]
[Black "Saydaliev, Saidakbar"]
[Result "0-1"]
[WhiteTitle "FM"]
[BlackTitle "IM"]
[WhiteElo "2309"]
[BlackElo "2460"]
[WhiteFideId "13908693"]
[BlackFideId "14203693"]
[EventDate "2025.06.03"]

1. d4 Nf6 2. c4 e6 3. Nf3 d5 4. Nc3 Nbd7 5. cxd5 exd5 6. Bg5 h6 7. Bh4 Bb4 8.
Nd2 c6 9. e3 O-O 10. Bd3 Re8 11. O-O a5 12. Qc2 Be7 13. Rae1 Nf8 14. Nf3 Ne4 15.
Bxe7 Qxe7 16. Ne5 Nd6 17. e4 dxe4 18. Nxe4 Nxe4 19. Bxe4 Be6 20. f4 Qb4 21. Qf2
Bxa2 22. f5 f6 23. Ng4 Rad8 24. Rd1 Rxe4 0-1

[Event "Titled Tue 3rd Jun Early"]
[Site "chess.com INT"]
[Date "2025.06.03"]
[Round "5"]
[White "Jumabayev, Rinat"]
[Black "Fadi, Marko"]
[Result "1-0"]
[WhiteTitle "GM"]
[BlackTitle "FM"]
[WhiteElo "2551"]
[BlackElo "2244"]
[WhiteFideId "13702661"]
[BlackFideId "10605371"]
[EventDate "2025.06.03"]

1. d4 d5 2. c4 e6 3. Nf3 Nf6 4. g3 Bb4+ 5. Bd2 Be7 6. Bg2 O-O 7. O-O c6 8. Qc2
Nbd7 9. Rd1 b6 10. Bf4 Ba6 11. Nbd2 Nh5 12. e3 Nxf4 13. exf4 Rc8 14. Rac1 c5 15.
Qa4 Bxc4 16. Nxc4 dxc4 17. d5 Qc7 18. dxe6 Nf6 19. exf7+ Kh8 20. Qxc4 h6 21. Nh4 1-0

[Event "Titled Tue 3rd Jun Early"]
[Site "chess.com INT"]
[Date "2025.06.03"]
[Round "5"]
[White "Le, Tuan Minh"]
[Black "Salonen, Aku"]
[Result "1-0"]
[WhiteTitle "GM"]
[BlackTitle "FM"]
[WhiteElo "2598"]
[BlackElo "2314"]
[WhiteFideId "12401153"]
[BlackFideId "517577"]
[EventDate "2025.06.03"]

1. d4 d5 2. Nf3 Nf6 3. Bf4 e6 4. e3 Bd6 5. Nbd2 c5 6. c3 O-O 7. Bd3 Qc7 8. Bxd6
Qxd6 9. Ne5 Nc6 10. f4 Nd7 11. O-O f6 12. Qh5 f5 13. g4 Nf6 14. Qh4 Ne4 15. Ndf3
Qe7 16. Qh3 g6 17. Rae1 Bd7 18. Re2 c4 19. Bc2 fxg4 20. Qxg4 Nf6 21. Qh4 Nh5 22.
Qxe7 Nxe7 23. Nxd7 1-0

[Event "Titled Tue 3rd Jun Early"]
[Site "chess.com INT"]
[Date "2025.06.03"]
[Round "5"]
[White "Pulido Alvarez, Ariel"]
[Black "Ocampos, Ian"]
[Result "1-0"]
[WhiteTitle "FM"]
[WhiteElo "2252"]
[BlackElo "2219"]
[WhiteFideId "3503011"]
[BlackFideId "117544"]
[EventDate "2025.06.03"]

1. e4 c5 2. d4 cxd4 3. c3 g6 4. Qxd4 d5 5. Qxh8 Nf6 6. Bh6 Nbd7 7. e5 Qb6 8.
exf6 Qxb2 9. fxe7 Kxe7 10. Bxf8+ Nxf8 11. Qe5+ Be6 12. Bd3 Qxa1 13. Nf3 Nd7 14.
Qg5+ f6 15. Qh4 Nf8 16. Qb4+ Ke8 17. Nd4 Bc8 18. Qa3 Nd7 19. Nb3 1-0

[Event "Titled Tue 3rd Jun Early"]
[Site "chess.com INT"]
[Date "2025.06.03"]
[Round "5"]
[White "Coe, William"]
[Black "Turcsanyi, Vince Gergo"]
[Result "0-1"]
[BlackTitle "FM"]
[WhiteElo "2078"]
[BlackElo "2321"]
[WhiteFideId "30913624"]
[BlackFideId "791784"]
[EventDate "2025.06.03"]

1. e4 d6 2. d4 Nf6 3. Nc3 c6 4. a4 Qa5 5. Bd3 e5 6. dxe5 dxe5 7. h3 Be6 8. Nf3
h6 9. O-O Bb4 10. Bd2 O-O 11. Re1 Nbd7 12. Na2 Bxd2 13. Qxd2 Qxd2 14. Nxd2 Nc5
15. Bc4 Rfd8 16. Rad1 Rxd2 17. Rxd2 Bxc4 0-1

[Event "Titled Tue 3rd Jun Early"]
[Site "chess.com INT"]
[Date "2025.06.03"]
[Round "5"]
[White "Munoz Ramos, Christopher"]
[Black "Jahnz, Laurin"]
[Result "0-1"]
[WhiteTitle "FM"]
[BlackTitle "CM"]
[WhiteElo "2133"]
[BlackElo "2233"]
[WhiteFideId "3439615"]
[BlackFideId "16261089"]
[EventDate "2025.06.03"]

1. d4 d5 2. c4 e6 3. Nf3 c6 4. g3 Bd6 5. Bg2 f5 6. O-O Nf6 7. Nc3 O-O 8. Bf4
Bxf4 9. gxf4 Nbd7 10. e3 Ne4 11. c5 a5 12. Qe2 b6 13. cxb6 Ba6 14. Qc2 Bxf1 15.
Rxf1 Qxb6 16. Nxe4 fxe4 17. Ng5 Rfe8 18. f3 h6 19. Nh3 exf3 20. Bxf3 Rab8 21.
Rf2 c5 22. dxc5 Qxc5 23. Qd3 Rec8 24. Kg2 Nf6 25. f5 e5 26. Bd1 Qc4 27. Qd2 Ne4
28. Qe1 Nxf2 29. Qxf2 Qe4+ 30. Bf3 Rc2 31. Bxe4 Rxf2+ 32. Nxf2 dxe4 33. Nxe4
Rxb2+ 34. Kf3 Rxa2 35. Nd6 a4 36. Nc4 a3 37. Nxe5 Rxh2 38. Ng4 Rb2 39. Ne5 a2
40. f6 gxf6 41. Ng4 a1=Q 42. Nxf6+ Kf7 43. Ne4 Qh1+ 44. Kg4 Qxe4+ 45. Kh5 Rb5+
46. Kxh6 Qg6# 0-1

[Event "Titled Tue 3rd Jun Early"]
[Site "chess.com INT"]
[Date "2025.06.03"]
[Round "5"]
[White "Di Benedetto, Guillermo"]
[Black "Dimakiling, Oliver"]
[Result "0-1"]
[WhiteTitle "FM"]
[BlackTitle "IM"]
[WhiteElo "2289"]
[BlackElo "2402"]
[WhiteFideId "111120"]
[BlackFideId "5202248"]
[EventDate "2025.06.03"]

1. d4 Nf6 2. c4 d6 3. Nc3 Bf5 4. f3 e5 5. dxe5 dxe5 6. Qxd8+ Kxd8 7. e4 Be6 8.
Be3 c6 9. c5 Nbd7 10. b4 a5 11. b5 Bxc5 12. Bxc5 Nxc5 13. bxc6 bxc6 14. O-O-O+
Ke7 15. Nge2 Rhd8 16. Rxd8 Rxd8 17. Kc2 h5 18. Nc1 h4 19. Nb3 Nxb3 20. axb3 Rb8
21. Bc4 Bxc4 22. bxc4 Rb4 23. Ra1 Rxc4 24. Rxa5 Nd7 25. Kd3 Rd4+ 26. Ke3 Kd6 27.
Rxe5 Rc4 28. Rh5 Rxc3+ 29. Kd4 Rc2 0-1

[Event "Titled Tue 3rd Jun Early"]
[Site "chess.com INT"]
[Date "2025.06.03"]
[Round "5"]
[White "Avila Rodriguez, Joshua Adrian"]
[Black "Ochedzan, Filip"]
[Result "1-0"]
[WhiteTitle "FM"]
[BlackTitle "CM"]
[WhiteElo "2302"]
[BlackElo "2130"]
[WhiteFideId "5126444"]
[BlackFideId "21892610"]
[EventDate "2025.06.03"]

1. e4 g6 2. d4 Bg7 3. Nf3 d5 4. e5 c5 5. c3 Nc6 6. h3 e6 7. Bd3 Nge7 8. O-O O-O
9. Bg5 h6 10. Bf4 Kh7 11. Re1 cxd4 12. cxd4 Nb4 13. Bf1 Bd7 14. Nc3 a6 15. a3
Nbc6 16. Bd3 Rc8 17. Rc1 Na5 18. Qe2 b5 19. h4 Qb6 20. h5 Nb3 21. Rcd1 Nf5 22.
Bxf5 gxf5 23. Qe3 a5 24. Nxd5 exd5 25. Qxb3 Rc4 26. Be3 Be6 27. Qd3 Qc6 28. Nh4
Qd7 29. g4 1-0

[Event "Titled Tue 3rd Jun Early"]
[Site "chess.com INT"]
[Date "2025.06.03"]
[Round "5"]
[White "Reprintsev, Alexander"]
[Black "Negrean, Andrei"]
[Result "0-1"]
[WhiteTitle "IM"]
[BlackTitle "FM"]
[WhiteElo "2256"]
[BlackElo "2336"]
[WhiteFideId "14100541"]
[BlackFideId "1291513"]
[EventDate "2025.06.03"]

1. e4 c5 2. b3 d6 3. Bb2 Nc6 4. Bb5 e5 5. Bxc6+ bxc6 6. d3 Nf6 7. Nd2 Be7 8. Ne2
O-O 9. O-O Be6 10. h3 Nd7 11. f4 f6 12. Qe1 exf4 13. Nxf4 Bf7 14. Qg3 Ne5 15.
Rf2 Kh8 16. Raf1 Qa5 17. a4 Rab8 18. Kh1 c4 19. Bc3 Qxc3 20. Nb1 Qa5 21. dxc4
Ng6 22. Nh5 Qxh5 0-1

[Event "Titled Tue 3rd Jun Early"]
[Site "chess.com INT"]
[Date "2025.06.03"]
[Round "5"]
[White "Harshal, Shahi"]
[Black "Lyakh, Vasiliy"]
[Result "0-1"]
[WhiteTitle "FM"]
[WhiteElo "2143"]
[BlackElo "2116"]
[WhiteFideId "5048257"]
[BlackFideId "14189828"]
[EventDate "2025.06.03"]

1. e4 c5 2. Nf3 e6 3. b3 d5 4. Bb5+ Bd7 5. Bxd7+ Nxd7 6. exd5 exd5 7. d4 Ngf6 8.
O-O Be7 9. Bb2 O-O 10. Nbd2 Rc8 11. Ne5 Re8 12. f4 cxd4 13. Bxd4 Bc5 14. Bxc5
Rxc5 15. Ndf3 Qc7 16. Rf2 Ne4 17. Re2 Nc3 18. Ng5 Nxd1 0-1

[Event "Titled Tue 3rd Jun Early"]
[Site "chess.com INT"]
[Date "2025.06.03"]
[Round "5"]
[White "Kopczynski, Michal"]
[Black "Rojas Alarcon, Julian Antonio"]
[Result "0-1"]
[WhiteTitle "CM"]
[BlackTitle "FM"]
[WhiteElo "2225"]
[BlackElo "2365"]
[WhiteFideId "1124200"]
[BlackFideId "5107407"]
[EventDate "2025.06.03"]

1. e4 c5 2. d4 cxd4 3. c3 g6 4. cxd4 d5 5. e5 Nc6 6. f4 Nh6 7. Nf3 Bg4 8. Be3
Nf5 9. Bf2 e6 10. Nc3 Bh6 11. h3 Bxf3 12. Qxf3 Nfxd4 13. Qd1 Qb6 14. Nb5 Qa5+
15. Nc3 Qb4 16. g3 Qxb2 17. Rc1 Nf3+ 18. Qxf3 Qxc1+ 19. Nd1 Nxe5 20. Bb5+ Nc6
21. O-O O-O 22. f5 exf5 23. Qxd5 Rad8 24. Qf3 Nd4 25. Bxd4 Rxd4 26. Nf2 Qe3 0-1

[Event "Titled Tue 3rd Jun Early"]
[Site "chess.com INT"]
[Date "2025.06.03"]
[Round "5"]
[White "Thake, Conrad"]
[Black "Torres Rebolledo, Alvaro"]
[Result "0-1"]
[WhiteTitle "CM"]
[BlackTitle "FM"]
[WhiteElo "1873"]
[BlackElo "2336"]
[WhiteFideId "5602947"]
[BlackFideId "54587670"]
[EventDate "2025.06.03"]

1. e4 d6 2. d4 Nf6 3. Nc3 e5 4. Nf3 Nbd7 5. dxe5 dxe5 6. Bg5 Bb4 7. Bc4 O-O 8.
O-O c6 9. Ne2 Be7 10. Ng3 h6 11. Be3 b5 12. Bd3 Qc7 13. Nf5 Bc5 14. h4 Bxe3 15.
Nxe3 Nc5 16. Nf5 Bxf5 17. exf5 e4 18. Ng5 exd3 19. b4 Ncd7 20. Nf3 dxc2 21. Qxc2
Rac8 22. Qd1 Ne5 23. Qc2 Nxf3+ 24. gxf3 Qf4 25. Qe4 Nxe4 0-1

[Event "Titled Tue 3rd Jun Early"]
[Site "chess.com INT"]
[Date "2025.06.03"]
[Round "5"]
[White "Agarwal, Amaya"]
[Black "Troltenier, Dirk"]
[Result "0-1"]
[WhiteTitle "WCM"]
[BlackTitle "FM"]
[WhiteElo "2004"]
[BlackElo "2174"]
[WhiteFideId "48733580"]
[BlackFideId "4606400"]
[EventDate "2025.06.03"]

1. e4 e5 2. Nf3 d6 3. d4 exd4 4. Nxd4 Nf6 5. Nc3 Be7 6. Be3 O-O 7. Be2 Re8 8.
O-O Bf8 9. Bf3 Nbd7 10. Re1 Ne5 0-1

[Event "Titled Tue 3rd Jun Early"]
[Site "chess.com INT"]
[Date "2025.06.03"]
[Round "5"]
[White "Wagner, Anselm"]
[Black "De Sousa, Antonio Micaias Silva"]
[Result "1-0"]
[WhiteTitle "FM"]
[WhiteElo "2421"]
[BlackElo "2007"]
[WhiteFideId "4604610"]
[BlackFideId "22798528"]
[EventDate "2025.06.03"]

1. e4 c5 2. Nf3 e6 3. Bd3 Nc6 4. c3 e5 5. Bc2 d5 6. exd5 Qxd5 7. d3 Nf6 8. h3
Bf5 9. Qe2 O-O-O 10. O-O Bxd3 11. Bxd3 Qxd3 12. Qe1 Bd6 13. Bg5 h6 14. Bxf6 gxf6
15. Nbd2 Rhg8 16. Qe4 Qxe4 17. Nxe4 Be7 18. Nh4 Rh8 19. Nf5 b6 20. Rfe1 Rde8 21.
Ned6+ 1-0

[Event "Titled Tue 3rd Jun Early"]
[Site "chess.com INT"]
[Date "2025.06.03"]
[Round "5"]
[White "Hernandez Jimenez, Alexander Andres"]
[Black "Smieszek, Wojciech"]
[Result "0-1"]
[WhiteTitle "FM"]
[BlackTitle "CM"]
[WhiteElo "2043"]
[BlackElo "2141"]
[WhiteFideId "3900452"]
[BlackFideId "1156047"]
[EventDate "2025.06.03"]

1. e4 c5 2. Nf3 g6 3. d4 cxd4 4. Nxd4 Nc6 5. Nc3 Bg7 6. Nb3 Nf6 7. Be2 O-O 8.
O-O d6 9. Re1 Bd7 10. Bf1 Rc8 11. Nd5 Ne5 12. Bg5 Nc4 13. Bxc4 Rxc4 14. Nxf6+
exf6 15. Bf4 Re8 16. f3 f5 17. Qd3 Bb5 18. Qd5 Qb6+ 19. Be3 Qc6 20. Qxc6 Bxc6
21. exf5 Rxc2 22. fxg6 hxg6 23. Nd4 Rxb2 24. Nxc6 bxc6 25. Bxa7 Rxe1+ 26. Rxe1
Rxa2 27. Re8+ Kh7 28. Re7 Rxa7 0-1